LEADER 01190nam--2200373---450- 001 990001190090203316 005 20060124160008.0 035 $a000119009 035 $aUSA01000119009 035 $a(ALEPH)000119009USA01 035 $a000119009 100 $a20031010d1967----km-y0itay0103----ba 101 0 $aita 102 $aIT 105 $a||||||||001yy 200 1 $aTeatro$fArthur Adamov$ga cura di Gian Renzo Morteo 210 $aTorino$cEinaudi$d[1967] 215 $a586 p.$d23 cm. 327 $aLa parodia ; L'invasione ; La grande e la piccola manovra ; Il professor Taranne ; Intimita ; Tutti contro tutti ; Il ping-pong ; Paolo Paoli ; La primavera '71 ; La politica degli avanzi. 410 0$12001 454 1$12001 461 1$1001-------$12001 700 1$aADAMOV,$bArthur$0307489 702 1$aMORTEO,$bGian Renzo 801 0$aIT$bsalbc$gISBD 912 $a990001190090203316 951 $aXIII.1.A. 292(VII L 58)$b62878 L.M.$cVIII L 959 $aBK 969 $aUMA 979 $aSIAV3$b10$c20031010$lUSA01$h0956 979 $aPATRY$b90$c20040406$lUSA01$h1725 979 $aCOPAT6$b90$c20060124$lUSA01$h1600 996 $aTeatro$9910006 997 $aUNISA